Z minulosti Židovského úverného družstva pre Prešov a okolie (1923-1941)

Bibliographic Details
Main Author: Derfiňák, Patrik, 1969- (Author)
Format: Article
Language:Slovak

MARC

LEADER 00000nab a2200000uu 4500
001 vtls010883573
003 SK-MaSNL
005 20260303145101.0
008 230222|2008 xo |||||||||||||||||slo|
015 |a SNBRB 
035 |a (urnnbn)urn:nbn:sk:snk:ar-0026ba 
035 |a (uuid)b9bbbce7-2e91-4448-8614-abb6b23c3ec0 
035 |a urn:nbn:sk:snk-ab8f2k 
040 |a SNKBUCL  |b slo  |c SNKBUCL  |e AACR2 
041 0 |a slo 
044 |a xo  |c SK 
100 1 |a Derfiňák, Patrik,  |d 1969-  |4 aut  |9 26982 
245 1 0 |a Z minulosti Židovského úverného družstva pre Prešov a okolie (1923-1941)  |c Patrik Derfiňák 
773 0 |t Acta historica Neosoliensia : ročenka Katedry histórie Fakulty humanitných vied Univerzity Mateja Bela v Banskej Bystrici  |g Roč. 11, č. 1 (2008), s. 200-212 
954 |a odborná, vedecká literatúra pôvodná (slovenská)  |2 lita 
958 |a OND 
958 |a EUIPO 
958 |a article10 
999 |c 2000352  |d 2002282